| 000 -ლიდერი |
| ფიქსირებული სიგრძის საკონტროლო ველი |
01185nam a2200241Ia 4500 |
| 001 - საკონტროლო ნომერი |
| საკონტროლო ველი |
23252 |
| 003 - საკონტროლო ნომრის იდენტიფიკატორი |
| საკონტროლო ველი |
GE_BSU |
| 005 - ბოლო ოპერაციის თარიღი და დრო |
| საკონტროლო ველი |
20220530110837.0 |
| 008 - ფიქსირებული სიგრძის მონაცემთა ელემენტები - ზოგადი ინფორმაცია |
| ფიქსირებული სიგრძის საკონტროლო ველი |
181216s1982||||ge |||||||||||||| ||geo|| |
| 040 ## - კატალოგიზაციის წყარო |
| Transcribing agency |
GE_BSU |
| 080 ## - უნივერსალური ათობითი კლასიფიკაციის ინდექსი |
| Universal Decimal Classification number |
94(560)"17 |
| 100 ## - მთავარი ჩანაწერი - პიროვნების სახელი |
| Personal name |
გიგინეიშვილი, ოთარ |
| 9 (RLIN) |
13876 |
| 245 ## - ცნობა სათაურის შესახებ |
| Title |
ნარკვევები ოსმალეთის ისტორიიდან / |
| Statement of responsibility, etc |
ოთარ გიგინეიშვილი ; რედ. ნ. ოკუჯავა; გ. წერეთლის სახ. აღმოსავლეთმცოდნეობის ინ-ტი. |
| 264 ## - წარმოების, გამოცემის, დისტრიბუციის და სხვა ცნობები |
| გამოცემის, წარმოების, დისტრიბუციის... ადგილი |
თბილისი : |
| გამოცემის, წარმოების, დისტრიბუციის... სახელწოდება |
მეცნიერება, |
| გამოცემის, წარმოების, დისტრიბუციის... თარიღი |
1982. |
| 300 ## - ფიზიკური აღწერა |
| Extent |
175 გვ. ; |
| Other physical details |
20 სმ. |
| 501 ## - შენიშვნა თანმხლებ მასალაზე |
| With note |
საძიებლები: გვ. 168-174. |
| 520 ## - SUMMARY, ETC. |
| Summary, etc |
რეზ. რუს. |
| 653 ## - INDEX TERM--UNCONTROLLED |
| Uncontrolled term |
ოსმალეთის ისტორია 18 ს. |
| 700 ## - ADDED ENTRY--PERSONAL NAME |
| Personal name |
ოკუჯავა, ნ. |
| Relator term |
რედაქტორი |
| 9 (RLIN) |
13877 |
| 710 ## - ADDED ENTRY--CORPORATE NAME |
| Corporate name or jurisdiction name as entry element |
გ. წერეთლის სახ. აღმოსავლეთმცოდნეობის ინ-ტი. |
| 9 (RLIN) |
13878 |
| 942 ## - ADDED ENTRY ELEMENTS (KOHA) |
| Koha item type |
წიგნი |
| Source of classification or shelving scheme |
|